01375nam a2200205 i 4500001000700000003000900007005001700016008004100033040003000074245007700104260010500181300013400286505057000420650003100990651002601021651003301047651003001080700002001110852003901130160497ES-MaACL20250831014817.0981112s1889 xxka |||| | eng d aCCPB | B bspa cCCPB | B00aNarrative and critical history of América / cedited by Justin Winsor. aLondon : bSampson Low, Marston, Searle & Rivington, c1889 (fPrinted by H.O. Houghton and Company) a8 v. (XXXVII, 470 p.;VII, 777 p.;VII, 649 p.; IX, 515 p.; XI, 578 p.; XI, IX, 640 p; VII, 610 p.; VIII 604 p.) : bil. ; c27 cm.8 aContiene: T.I. Aboriginal America. -- T.II. Spanish Explorations and Settlements in America from the Fifteen to the Seventeenth Century. -- T.III. English Explorations and Settlements in North America 1497-1689. -- T.IV. French Explorations and Settlements en North America and those ot the Portuguese, Dutch, and Swedes, 1500-1700. -- T.V. The English and French in North America, 1689-1763. -- T.VI. The United States of America, part. I. -- T.VII. The United States of America, part. II. -- T. VIII. The later history of British, Spanish, and Portuguese America. 4aCartografía-zAmérica. 4aAmérica-xHistoria. 4aAmérica-vBibliografías. 4aEstados Unidos-xHistoria1 aWinsor, Justin. aES-MaACLjG-7321-28 z-- Enc. tela